000 00723nam a22001937a 4500
003 BD-DhSAU
005 20230212125708.0
008 221809b2014 bg | ||| |||| 001 0 ben d
020 _a9789843368270
040 _aBD-DhSAU
082 _222
_a581.634 R1294
100 _aরহমান, শেখ মো: মিজানুর
245 _aরোগ-শোক-ক্ষুধা মুক্তিতে বাংলার উদ্ভিদ /
_cশেখ মোঃ মিজানুর রহমান
260 _aঢাকা;
_bফেসবাংলা লিমিটেড,
_c২০১৪
300 _a১০৮ পৃ. ;
_c২২ সেমি।
590 _akobir
650 _aBotany
942 _2ddc
_cBOOK
999 _c16597
_d16596